000 00593nam a2200169Ia 4500
008 090201s9999 xx 000 0 und d
010 _aKPL-31273
040 _bमराठी
041 _aमराठी
082 _a32728
_b31273
100 _aद वा जोग
245 _aसुबोध अद्वैत सिध्दांत दर्शन
_cद वा जोग
260 _c2004
_bगायत्री साहित्य
300 _a364
_bमोठा
600 _aसुबोध अद्वैत सिध्दांत दर्शन
942 _cBOOK
999 _c231006
_d231006